000 02810nam a2200193Ii 4500
008 221202s xx 000 0 und d
100 1 _aRøstad, Ingunn Marit,
_eauthor
245 4 _aThe Language of Jewellery
246 _aDress-accessories and Negotiations of Identity in Scandinavia, c. AD 400:650/70
264 1 _aOslo
_bCappelen Damm Akademisk/NOASP (Nordic Open Access Scholarly Publishing)
_c2021
300 _a1 online resource (394 pages)
336 _atext
_btxt
_2rdacontent
337 _acomputer
_bc
_2rdamedia
338 _aonline resource
_bcr
_2rdacarrier
520 _aIn the 5th:7th centuries AD, members of the female population in Scandinavia frequently wore a costume adorned with conspicuous items of jewellery. Many of the items, such as brooches and clasps, were dress-accessories used to fasten these garments. Some of them, moreover, were popular over an extended area of Europe, and have been found in Scandinavia, Anglo-Saxon England and on the Continent alike. This book provides an analysis of more than 1,800 such items of jewellery from Scandinavia. It explores the contextual and geographical distribution through time of four major types of dress-accessory: cruciform brooches, relief brooches, wrist-clasps and conical brooches. Detailed analysis reveals distribution patterns and variations that provide new insights into the multifaceted reality of the Scandinavian pre-Viking period. The author argues that in a time characterized by social stress and upheaval, women played an important role in the negotiation of identities through the use of costume adorned with dress-accessories. These negotiations were part of a continuous, complex and ever-changing discourse of identity, in which different dimensions of multiple identities were generated, articulated and transformed. In some instances, a common identity is manifest even at a date which precedes by several centuries the unification of much the same areas into single medieval kingdoms, while social and political conditions could equally trigger either the material expression or the disappearance of shared identities at local, regional, and even pan-European levels. This book also offers a more nuanced view of ethnic groupings during the 5th:7th centuries by examining the inter-connectedness of the flexible and mobile ‘warrior nations’ of the Migration Period, and the territorially rooted, often historically documented ‘peoples’, who are reflected in the practices of female dress.
653 _aJewellery, Scandinavia, Migration Period, Dress-Accessories, Costumes
856 _uhttps://library.oapen.org/bitstream/20.500.12657/50342/1/Jewellery_PDF.pdfhttps://press.nordicopenaccess.no/index.php/noasp/catalog/book/132https://library.oapen.org/handle/20.500.12657/50342
942 _cE-BOOK
999 _c66499
_d66499